000 00653nam a22002417a 4500
001 BR9500365
003 BR-BrBNA
005 20230928094423.0
007 ta
008 230509b bl.||||| |||| 00| 0 por d
040 _aBR-BrBNA
_bpor
_cBiblioteca Nacional de Agricultura
041 _a(Por)
072 _aC10
090 _ C10 BR9500365
110 1 _aInstituto Brasileiro de Educacao, Ciencia e Cultura, Rio de Janeiro, GB (Brasil)
_95769
245 1 _aA educacao rural
260 3 _aRio de Janeiro, GB (Brasil):
_c1965.
300 _a52 p.
650 _aEducacao
650 _aEscola
909 _a202309
_bLucia
_c55
_dLucia Elande
942 _cBK
999 _c50634
_d50634